00478nam a2200169Ia 4500003000900000008004100009040001600050080001500066100001800081245008600099260003500185300001500220650001900235650001900254650002400273650001100297IN-BaIIA211028s9999 xx 000 0 eng d cIIA Library a535.8bBOU aBoutry, G. A. 0aInstrumental opticscG. A. Boutry  aLondonbHilger and Wattsc1961 axvi, 544p. aNASA Thesaurus aOptical design aOptical instruments aOptics